000 00252nam a2200097Ia 4500
001 761416
005 20250826165206.0
008 250824s9999 xx 000 0 und d
245 0 _aDOSTLUK EKMEĞİ
_cYazar Adı Belirtilmemiş
260 _bARKADYA YAYINLARI
999 _c761416
_d761416